<An> Econometric Model of Real Estate Prices in Slovakia
Na základe databázy 959 pozemkov na stavebné účely na Slovensku s využitím ekonometrického modelu založeného na OLS, kvantifikácia vzťahu medzi vybranými charakteristikami a priemernými cenami nehnuteľností v obciach a v Bratislave.
Saved in:
| Main Author: | |
|---|---|
| Format: | Book Chapter |
| Language: | English |
| Subjects: | |
| Tags: |
No Tags, Be the first to tag this record!
|
MARC
| LEADER | 00000nla a2200000 4500 | ||
|---|---|---|---|
| 001 | 0245663 | ||
| 005 | 20240502083655.6 | ||
| 041 | 0 | |a eng | |
| 044 | |a CZ | ||
| 245 | 1 | 0 | |a <An> Econometric Model of Real Estate Prices in Slovakia |c Martin Dluhoš |
| 520 | |a Na základe databázy 959 pozemkov na stavebné účely na Slovensku s využitím ekonometrického modelu založeného na OLS, kvantifikácia vzťahu medzi vybranými charakteristikami a priemernými cenami nehnuteľností v obciach a v Bratislave. | ||
| 610 | 2 | 0 | |a nehnuteľnosti |
| 610 | 2 | 0 | |a pozemky |
| 610 | 2 | 0 | |a ceny |
| 610 | 2 | 0 | |a nezamestnanosť |
| 610 | 2 | 0 | |a demografia |
| 610 | 2 | 0 | |a modely analytické ekonometrické |
| 610 | 2 | 0 | |a mestá |
| 610 | 2 | 0 | |a vidiek |
| 100 | 1 | |a Dluhoš, Martin, 1991- | |